000 00493nam a2200205Ia 4500
003 GCL
008 140319s9999 xx 000 0 eng d
040 _aGCL /
_cGCL
082 0 4 _a780.962
_bC M
100 1 _aCEDEJ
245 1 0 _aMUSIQUE ARABE LE CONGRES DU CAIRE DE 1932 /
_cCEDEJ
260 _a[S.N] :
_bCEDEJ ،
_c1992
300 _a440 P
650 0 4 _aMUSIC - SOCIETY
650 0 4 _aCONGRESSES
650 0 4 _aCAIRO
650 0 4 _aARABIC WORLD
650 0 4 _aARTISTS
942 _2ddc
_cBK
999 _c20515
_d20515